Essentials of TAT and other storytelling Assessments (Record no. 13683)
[ view plain ]
| 000 -LEADER | |
|---|---|
| fixed length control field | 00361nam a22001457a 4500 |
| 020 ## - INTERNATIONAL STANDARD BOOK NUMBER | |
| ISBN | 9780470281925 |
| 082 ## - DEWEY DECIMAL CLASSIFICATION NUMBER | |
| Classification number | 155.41 |
| Item number | TEG |
| 100 ## - MAIN ENTRY--AUTHOR NAME | |
| Personal name | Teglasi, Hedwig |
| 245 ## - TITLE STATEMENT | |
| Title | Essentials of TAT and other storytelling Assessments |
| 250 ## - EDITION STATEMENT | |
| Edition statement | 2nd ed. |
| 260 ## - PUBLICATION, DISTRIBUTION, ETC. (IMPRINT) | |
| Place of publication | Hoboken |
| Name of publisher | John Wiley & Sons |
| Year of publication | 2010 |
| 300 ## - PHYSICAL DESCRIPTION | |
| Number of Pages | xiii,368 p. |
| 650 ## - SUBJECT ADDED ENTRY--TOPICAL TERM | |
| Topical Term | Psychology |
| 942 ## - ADDED ENTRY ELEMENTS (KOHA) | |
| Koha item type | Books |
| Withdrawn status | Lost status | Collection code | Permanent Location | Current Location | Shelving location | Date acquired | Full call number | Accession Number | Koha item type |
|---|---|---|---|---|---|---|---|---|---|
| | | Psychology | MAJU | MAJU | Shelf No.A35 | 2023-01-18 | 155.41 TEG | 10771 | Psychology |